Les Films de Christopher Nolan - Statistiques

Statistiques générales
  • Ce quiz a été pris 124 fois
  • Le résultat moyen est 8 sur 12
Statistiques - réponses
Année Description Film % Correct
2014 Des astronautes voyagent à travers un trou de ver pour trouver un nouveau foyer à l'humanité. Interstellar
93%
2010 Un homme a développé une façon d'entrer dans les rêves des gens. Inception
91%
2023 Le père de la bombe atomique fait face aux conséquences de sa création. Oppenheimer
86%
2020 Un agent manipule le temps pour prévenir une catastrophe mondiale. Tenet
86%
2017 L'histoire de l'évacuation des Britanniques de France en 1940. Dunkerque
80%
2005 Un milliardaire devient un justicier pour sauver sa ville du crime. Batman Begins
74%
2000 Un homme amnésique traque l'assassin de sa femme à l'aide de son Polaroid. Memento
67%
2012 Gotham City doit être sauvée d'un méchant nommé Bane. The Dark Knight Rises
67%
2006 Deux magiciens rivaux se livrent une guerre destructrice. Le Prestige
66%
2008 Un justicier masqué fait face à un Joker qui plonge Gotham dans le chaos. The Dark Knight : Le Chevalier noir
45%
2002 Un détective insomniaque enquête sur un meurtre en Alaska. Insomnia
41%
1998 Un écrivain suit des inconnus et se retrouve impliqué dans un monde criminel. Following, le suiveur
30%
Aucun quiz correspondant
Distribution des résultats
% des personnes avec chaque résultat
Percentile par nombre de réponses
Votre historique - résultats
Vous n’avez pas pris ce quiz